| 000 -LEADER |
| fixed length control field |
00776nam a2200217 a 4500 |
| 001 - CONTROL NUMBER |
| control field |
:::00013185$&:&@@ |
| 003 - CONTROL NUMBER IDENTIFIER |
| control field |
OkBaRHE |
| 005 - DATE AND TIME OF LATEST TRANSACTION |
| control field |
20100305131101.0 |
| 008 - FIXED-LENGTH DATA ELEMENTS--GENERAL INFORMATION |
| fixed length control field |
s1985 j 000 0 eng u |
| 040 ## - CATALOGING SOURCE |
| Transcribing agency |
|
| 100 1# - MAIN ENTRY--PERSONAL NAME |
| Personal name |
Neusner, Jacob, 1932- |
| 245 10 - TITLE STATEMENT |
| Title |
Torah: |
| Remainder of title |
from scroll to symbol in formative Judaism. |
| 260 ## - PUBLICATION, DISTRIBUTION, ETC. (IMPRINT) |
| Place of publication, distribution, etc |
Philadelphia, PA., : |
| Name of publisher, distributor, etc |
Fortress Press |
| Date of publication, distribution, etc |
1985 |
| 300 ## - PHYSICAL DESCRIPTION |
| Extent |
xxi, 181 p. ; |
| Dimensions |
24 cm. |
| 490 0# - SERIES STATEMENT |
| Series statement |
The Foundations of Judaism : method, teleology, doctrine ; pt. 3 |
| 650 ## - SUBJECT ADDED ENTRY--TOPICAL TERM |
| Topical term or geographic name as entry element |
Judaism |
| General subdivision |
History |
| -- |
Talmudic period, 10-425. |
| 650 ## - SUBJECT ADDED ENTRY--TOPICAL TERM |
| Topical term or geographic name as entry element |
Rabbinical literature |
| General subdivision |
History and criticism. |
| 650 ## - SUBJECT ADDED ENTRY--TOPICAL TERM |
| Topical term or geographic name as entry element |
Torah (The Hebrew word) |
| 942 ## - ADDED ENTRY ELEMENTS (KOHA) |
| Source of classification or shelving scheme |
|
| Koha item type |
Books |